Whack-A-Mole 2: Return of the Moles - Sudden Death - Statistics

General Stats
  • This quiz has been taken 3,662 times
  • The average score is 10 of 20
Answers on the Grid
Answers color-coded by a green-red scale on the quiz's grid according to % correct below.
 
Answer Stats
Answer % Correct
95%
93%
58%
58%
53%
53%
48%
48%
45%
44%
43%
42%
41%
40%
40%
40%
37%
36%
36%
35%
No matching quizzes found
Score Distribution
Percent of People with Each Score
Percentile by Number Answered
Your Score History
You have not taken this quiz